Mikor az asszony sir [sír!] ...
Elmentve itt :
| Szerző: | |
|---|---|
| Dokumentumtípus: | Cikk |
| Megjelent: |
1911
|
| Sorozat: | Kultura [!Kultúra] : irodalmi, művészeti, kritikai képes havi folyóirat
2 No. 11 |
| Kulcsszavak: | Szépirodalom |
| Online Access: | http://misc.bibl.u-szeged.hu/1183 |
| LEADER | 00591nab a2200169 i 4500 | ||
|---|---|---|---|
| 001 | misc1183 | ||
| 005 | 20191106143727.0 | ||
| 008 | 170607s1911 hu o 0|| hun d | ||
| 040 | |a SZTE Miscellanea Repozitórium |b hun | ||
| 041 | |a hun | ||
| 100 | 3 | |a Homok | |
| 245 | 1 | 0 | |a Mikor az asszony sir [sír!] ... |h [elektronikus dokumentum] / |c Homok |
| 260 | |c 1911 | ||
| 300 | |a 513-515 | ||
| 490 | 0 | |a Kultura [!Kultúra] : irodalmi, művészeti, kritikai képes havi folyóirat |v 2 No. 11 | |
| 695 | |a Szépirodalom | ||
| 856 | 4 | 0 | |u http://misc.bibl.u-szeged.hu/1183/1/kultura_002_011_513-515.pdf |z Dokumentum-elérés |